000
00290nam a2200133Ia 4500
100
_a
Reynolds T J
942
_c
BK
654
_a
Structural Work
245
_a
Structural Steel Work
260
_b
English Universities Press
082
_a
624.1
_b
Rey/Ken
546
_a
ENGLISH
999
_c
33428
_d
33428